Every UNESCO World Heritage site in France on a map - Statistics

General Stats
  • This quiz has been taken 41 times
  • The average score is 29 of 50
Answers on the Map
Answers color-coded by a green-red scale on the quiz's map according to % correct below.
 
Answer Stats
Answer % Correct
Le Havre, the City Rebuilt by Auguste Perret
91%
Mont-Saint-Michel and its Bay
91%
Strasbourg, Grande-Île and Neustadt
91%
Nice, Winter Resort Town of the Riviera
88%
Pyrénées - Mont Perdu
88%
Historic Site of Lyon
81%
Palace and Park of Versailles
81%
Paris, Banks of the Seine
81%
The Loire Valley between Sully-sur-Loire and Chalonnes
78%
Amiens Cathedral
75%
Bordeaux, Port of the Moon
75%
Canal du Midi
75%
Lagoons of New Caledonia
75%
Historic Fortified City of Carcassonne
72%
Nord-Pas de Calais Mining Basin
72%
Megaliths of Carnac and of the shores of Morbihan
69%
Pitons, cirques and remparts of Reunion Island
69%
Volcanoes and Forests of Northern Martinique
69%
Cathedral of Reims
66%
Chartres Cathedral
66%
Place Stanislas, Place de la Carrière and Place d'Alliance in Nancy
66%
Prehistoric Pile Dwellings around the Alps
63%
Champagne Hillsides, Houses and Cellars
59%
Fortifications of Vauban
59%
Gulf of Porto
56%
The Marquesas Islands
56%
Episcopal City of Albi
53%
Taputapuātea
53%
Palace and Park of Fontainebleau
50%
The Climats, terroirs of Burgundy
50%
Bourges Cathedral
47%
Cordouan Lighthouse
47%
The Architectural Work of Le Corbusier
47%
Arles, Roman and Romanesque Monuments
44%
Historic Centre of Avignon
44%
Jurisdiction of Saint-Emilion
44%
Chaîne des Puys
41%
Cistercian Abbey of Fontenay
38%
Pont du Gard (Roman Aqueduct)
38%
Prehistoric Sites and Decorated Caves of the Vézère Valley
38%
Provins, Town of Medieval Fairs
38%
Roman Theatre of Orange
38%
The Causses and the Cévennes
38%
The Maison Carrée of Nîmes
38%
The Great Spa Towns of Europe
34%
Abbey Church of Saint-Savin sur Gartempe
31%
Ancient and Primeval Beech Forests of Europe
31%
Grotte Chauvet-Pont d’Arc
31%
Vézelay, Church and Hill
31%
The Saltworks of Salins-les-Bains and Arc-et-Senans
25%
No matching quizzes found
Score Distribution
Percent of People with Each Score
Percentile by Number Answered
Your Score History
You have not taken this quiz